000
00293nam a22001337a 4500
008
171003b xxu||||| |||| 00| 0 eng d
020
_a
9789332536463
041
_a
eng
080
_2
8TH
_a
159.9
100
_a
48
101
_a
PSI
245
_a
SOCIAL PSYCHOLOGY
_c
ARONSON,E
942
_2
udc
_c
BK
999
_c
31304
_d
31304